| 000 | 00346nam a2200133Ia 4500 | ||
|---|---|---|---|
| 008 | 210430s9999 xx 000 0 und d | ||
| 082 | _a658.01 M2171 P | ||
| 100 | _aNorman R F Maier | ||
| 245 |
_aPsychology in Industry / _cNorman R F Maier |
||
| 250 | _a3rd edition | ||
| 260 |
_aIslamabad _bNorman _c2007 |
||
| 300 | _a718p | ||
| 942 |
_cBK _2ddc |
||
| 999 |
_c563143 _d563143 |
||